000 00624cam a2200229 4500
008 000000n1999 000 0 eng u
020 _a080175138
035 _a(Sirsi) u100064
041 _aENG
050 _a691
100 _aCoventry, Stuart
245 4 _aThe reclaimed and recyled construction materials handbook.
260 _aLondon
_bCIRIA
_c1999
300 _axxii, 186p. ; 30cm.
650 _aGREEN BUILDING
650 _aEnvironment
_96238
650 _aRECYCLED MATERIALS
690 _aBUILT ENVIRONMENT-BUILDING MATERIALS
700 _aWoolveridge, Claire
700 _aHillier, Shaun
942 _n0
999 _c99571
_d99571